Carbondale

Jay Lee, Dillon Robertson, Ryan Dai, Tony Han


Current Events - U.S.417.50100%50%25%
Current Events - World210.00100%0%0%
Fine Arts - Ballet/Dance110.00100%0%0%
Fine Arts - Film110.00100%0%0%
Fine Arts - Jazz10.000%0%0%
Fine Arts - Miscellaneous313.33100%0%33%
Fine Arts - Music810.0088%0%13%
Fine Arts - Painting717.14100%43%29%
Fine Arts - Photography120.00100%0%100%
Fine Arts - Sculpture210.00100%0%0%
Geography - Europe20.000%0%0%
Geography - World10.000%0%0%
History - American616.6783%50%33%
History - Cross, Historiography, and Miscellaneous412.50100%25%0%
History - European77.1457%0%14%
History - World412.5075%50%0%
Literature - American712.8686%43%0%
Literature - British512.0060%60%0%
Literature - European313.33100%33%0%
Literature - World and Miscellaneous87.5075%0%0%
Other - Other Academic and General Knowledge410.0075%25%0%
RMP - Buddhism120.00100%100%0%
RMP - Greco-Roman Mythology110.00100%0%0%
RMP - Islam215.00100%50%0%
RMP - Other Religion25.0050%0%0%
RMP - Philosophy33.3333%0%0%
RMP - World Mythology520.00100%40%60%
Science - Astronomy215.00100%50%0%
Science - Biology613.33100%33%0%
Science - Chemistry613.3367%67%0%
Science - Computer Science210.00100%0%0%
Science - Earth110.00100%0%0%
Science - Engineering and Miscellaneous110.00100%0%0%
Science - Physics811.25100%13%0%
Social Science - Economics110.00100%0%0%
Social Science - Other110.00100%0%0%
Social Science - Psychology210.00100%0%0%